000 00751nam a2200229Ia 4500
003 GCL
005 20240530103116.0
008 140319s9999 xx 000 0 ara d
020 _a9770153079
040 _aGCL /
_cGCL
082 0 4 _aق
_b915.3
_bج ع
100 1 _aجمال حمدان
245 1 2 _aالعالم الاسلامى المعاصر /
_cجمال حمدان
260 _a[S.N] :
_bالهيئة المصرية العامة للكتاب ،
_c1997
300 _a252 ص. ؛
_c20 سم.
490 0 _aمهرجان القراءة للجميع
650 0 4 _aالجغرافيا التاريخية
650 0 4 _aالجغرافيا
650 0 4 _aالعالم الاسلامى
650 0 4 _aالحدود السياسية
942 _2ddc
_cBK
999 _c36885
_d36885